සිත්තම් හුරුව 4=நிறம் தீட்டுவோம் (Record no. 3461)
[ view plain ]
| 000 -LEADER | |
|---|---|
| fixed length control field | 00823nam a22002417a 4500 |
| 003 - CONTROL NUMBER IDENTIFIER | |
| control field | LK-CoMWRAF |
| 005 - DATE AND TIME OF LATEST TRANSACTION | |
| control field | 20240331105044.0 |
| 008 - FIXED-LENGTH DATA ELEMENTS--GENERAL INFORMATION | |
| fixed length control field | 230907b2003 |||||||| |||| 00| 0 eng d |
| 020 ## - INTERNATIONAL STANDARD BOOK NUMBER | |
| International Standard Book Number | 9558464265 |
| 040 ## - CATALOGING SOURCE | |
| Original cataloging agency | LK-CoMWRAF |
| Modifying agency | LK-CoMWRAF |
| Description conventions | LK-CoMWRAF |
| 041 ## - LANGUAGE CODE | |
| Language code of text/sound track or separate title | Sinhala; Sinhalese |
| 041 ## - LANGUAGE CODE | |
| Language code of text/sound track or separate title | Tamil |
| 082 ## - DEWEY DECIMAL CLASSIFICATION NUMBER | |
| Classification number | 372.52 |
| Item number | DIA |
| 942 ## - ADDED ENTRY ELEMENTS (KOHA) | |
| Koha item type | Books |
| 100 ## - MAIN ENTRY--PERSONAL NAME | |
| Personal name | ඩයස්, සිඩ්නි මාකස් |
| Personal name (Transliterated) | Dias, Sydney Marcus |
| 700 ## - ADDED ENTRY--PERSONAL NAME | |
| Personal name | De Silva, Anil Susan |
| Relator Term | illustrator |
| 245 ## - TITLE STATEMENT | |
| Title | සිත්තම් හුරුව 4=நிறம் தீட்டுவோம் |
| 246 ## - VARYING FORM OF TITLE | |
| Title proper/short title | Siththam huruwa 4=Niṟam tīṭṭuvōm |
| 260 ## - PUBLICATION, DISTRIBUTION, ETC. (IMPRINT) | |
| Place of publication, distribution, etc. | ආණමඩුව: |
| Name of publisher, distributor, etc. | තෝතැන්න ප්රකාශන, |
| Date of publication, distribution, etc. | 2003 |
| 300 ## - PHYSICAL DESCRIPTION | |
| Extent | [12 p.] |
| 650 ## - SUBJECT ADDED ENTRY--TOPICAL TERM | |
| Topical term or geographic name as entry element | ප්රාථමික අධ්යාපනය |
| 650 ## - SUBJECT ADDED ENTRY--TOPICAL TERM | |
| Topical term or geographic name as entry element | Art |
| Withdrawn status | Lost status | Damaged status | Not for loan | Permanent Location | Current Location | Date acquired | Full call number | Barcode | Koha item type |
|---|---|---|---|---|---|---|---|---|---|
| Resource center, Muslim Women's Research And Action Forum | Resource center, Muslim Women's Research And Action Forum | 2023-09-07 | 372.52 DIA | RAF908 | Books | ||||
| Resource center, Muslim Women's Research And Action Forum | Resource center, Muslim Women's Research And Action Forum | 2023-11-15 | 372.52 DIA | RAF2784 | Books | ||||
| Resource center, Muslim Women's Research And Action Forum | Resource center, Muslim Women's Research And Action Forum | 2023-11-15 | 372.52 DIA | RAF2785 | Books |

